000 00672nam a2200277Ia 4500
005 20260324143055.0
008 008 260324s9999 xx 000 0 eng d
020 _a9781351259200
037 _aEBOOK
040 _aCRL
040 _beng
040 _cCRL
041 _2eng
041 _aeng
084 _qCRL
100 _aJanet Todd
_91121318
245 4 _aThe Works of Aphra Behn: v. 4: Seneca Unmask'd and Other Prose Translated
260 _bTaylor and Francis
260 _c1993
365 _a
365 _b180
856 _uhttp://www.taylorfrancis.com/books/9781351259200
942 _cEBOOK
999 _c1819262
_d1819262